| 000 | agm a22 a 4500 | ||
|---|---|---|---|
| 999 |
_c490496 _d490496 |
||
| 003 | BLK | ||
| 005 | 20230419135234.0 | ||
| 007 | mc ba akaadaaaac | ||
| 008 | 181012b bu ||||| |||| 00| 0zbu d | ||
| 020 | _a9787887464620 | ||
| 040 | _aBLK | ||
| 041 |
_aENG _aCHI _cENG |
||
| 080 |
_aГеографско разпространение на животните. Зоогеография. Фауна. Подразделя се чрез определителите за място (Табл. Ie). Вж и 591.5 _b591.9 _x(510) _z591.9(510) |
||
| 139 |
_aLand of the panda _bL 23 |
||
| 245 |
_aLand of the panda _b[DVD] |
||
| 257 | _aKIT | ||
| 260 |
_aBeijing _bChina Intercontinental Press _cs. a. _9487381 |
||
| 300 |
_a1 DVD, 45 min. _c12 см |
||
| 380 | _a5 | ||
| 650 | 0 |
_9241748 _aЖивотни, диви |
|
| 650 | 0 |
_9292440 _aФауна, горска |
|
| 651 | 7 |
_9179033 _aКитай |
|
| 653 | 7 |
_9193281 _aпанди |
|
| 856 |
_i0.00 _ldisable |
||
| 942 |
_cCDD _2udc _n0 _s1 |
||
| 944 |
_aCR _c2023-04-18 _knr |
||
| 999 | _d490464 | ||
| 999 | _d490463 | ||
| 999 | _d490462 | ||
| 999 | _d490461 | ||
| 999 | _d490460 | ||
| 999 | _d490460 | ||